Loading...
Science - Chemistry | 0 | 6 | 0 | 0 | 60 | 35 | 86.50 | 2 | 3 |
Literature - British Literature | 0 | 5 | 0 | 0 | 50 | 64 | 100.60 | 1 | 1 |
Philosophy | 0 | 5 | 0 | 0 | 50 | 84 | 109.20 | 1 | 2 |
Literature - American Literature | 0 | 5 | 1 | 0 | 45 | 25 | 82.80 | 0 | 2 |
Literature - World Literature | 0 | 4 | 0 | 0 | 40 | 74 | 101.25 | 1 | 1 |
Science - Physics | 0 | 4 | 0 | 2 | 40 | 89 | 123.25 | 0 | 0 |
Literature - European Literature | 0 | 4 | 1 | 0 | 35 | 72 | 96.25 | 1 | 3 |
Science - Biology | 0 | 3 | 0 | 0 | 30 | 64 | 93.67 | 1 | 1 |
Social Science | 0 | 2 | 0 | 0 | 20 | 87 | 91.00 | 1 | 1 |
History - World History | 0 | 1 | 0 | 0 | 10 | 28 | 28.00 | 1 | 1 |
Mythology | 0 | 1 | 0 | 0 | 10 | 108 | 108.00 | 0 | 0 |
History - Other History | 0 | 1 | 0 | 0 | 10 | 106 | 106.00 | 0 | 0 |
Fine Arts - Painting & Sculpture | 0 | 1 | 0 | 0 | 10 | 95 | 95.00 | 0 | 0 |
Fine Arts - Other Fine Arts | 0 | 1 | 0 | 0 | 10 | 105 | 105.00 | 0 | 0 |
History - European History | 0 | 1 | 0 | 0 | 10 | 57 | 57.00 | 1 | 1 |
Current Events | 0 | 1 | 1 | 0 | 5 | 103 | 103.00 | 0 | 0 |
Religion | 0 | 0 | 1 | 0 | -5 | 0.00 | 0 | 0 |